000 00652nam a2200193Ia 4500
008 190805s9999||||xx |||||||||||||| ||und||
020 _a9788189059675
_cRs. 495.00
082 0 4 _a305.51220954
_bAm16
100 1 _aAmbedkar, B. R.
245 1 0 _aAnnihilation of Caste /
_cB. R. Ambedkar ; edited and annotated by S. Anand ; introduced with the essay The Doctor and the Saint by Arundhati Roy
260 _aNew Delhi :
_bNavayana Publishing,
_c[2014]
300 _a415 p.
_b :
_c; 22 cm.
500 _aThe annotated critical edition
650 0 _aCaste
700 1 _aAnand, S.
700 1 _aRoy, Arundhati
942 _cBK
999 _c451
_d451